000 00546nmm a2200169Ia 4500
008 251105s9999||||xx |||||||||||||||||und||
020 _a9786071685827
041 _aspa
100 _aKasparavicius, Kestutis
245 0 _aOnce cuentos fantásticos de Kasparavicius
264 _a[México D.C., Mexico] :
_bFondo de Cultura Económica,
_c2019
300 _a54 páginas
490 _aLos Especiales de A la Orilla del Viento
650 _aTeen & Young Adult Fiction
856 _uhttps://public.digitaliapublishing.com/a/171354
942 _cCF
999 _c75719
_d75719